1492 /

Gespeichert in:
Bibliographische Detailangaben
1. Verfasser: Frohlich, Newton (autor)
Format: Buch
Sprache:Spanisch
Veröffentlicht: México : Roca, 1992
Schriftenreihe:(Novela Histórica Roca)
Schlagworte:
Tags: Tag hinzufügen
Keine Tags, Fügen Sie das erste Tag hinzu!

MARC

LEADER 00000nam^a2200000^a^4500
001 000041213
005 20250521000000.0
009 20260310085650.24
020 |a 968-21-0890-X 
037 |a Acervo ITESO - Biblioteca 
041 |a ESP 
082 |a 813.  |b FRO 
100 |a Frohlich, Newton  |e (autor) 
245 1 0 |a 1492 /  |c N. Frohlich ;tr. por Ramón Hervás. 
264 1 |a México :  |b Roca,  |c 1992 
300 |a 379 p. 
336 |a texto  |b txt  |2 rdacontenido 
337 |a sin mediación  |b n  |2 rdamedio 
338 |a volumen  |b nc  |2 rdasoporte 
440 1 |a (Novela Histórica Roca) 
500 |a Traducción de: 1492 
649 |a XX 
650 |a Novela Norteamericana 
650 |a Novela Histórica 
650 |a Literatura Norteamericana -  |y Siglo XX 
650 |a Literatura e Historia -  |z América 
650 |a América -  |x Historia -  |y Descubrimiento y Exploración 
910 |a Fondo General 
920 |a Impresos - Libros 
930 |a Colección General 
940 |a Literatura 
905 |a 101 
901 |a 0412130100  |b IT1  |c LIT  |i 041213  |u 20250521 
902 |a https://opac.biblio.iteso.mx/vufind/Record/000041213